Vista normal
Vista MARC
Entrada Personal Name
Número de registros utilizados en: 1
001 - CONTROL NUMBER
- control field: 17353
003 - CONTROL NUMBER IDENTIFIER
- control field: DLC
005 - DATE AND TIME OF LATEST TRANSACTION
- control field: 20250721112221.0
008 - FIXED-LENGTH DATA ELEMENTS
- fixed length control field: 970911n| acannaabn |a aaa
010 ## - LIBRARY OF CONGRESS CONTROL NUMBER
- LC control number: n 97091509
035 ## - SYSTEM CONTROL NUMBER
- System control number: (OCoLC)oca04427750
040 ## - CATALOGING SOURCE
- Original cataloging agency: DLC
- Language of cataloging: spa
- Transcribing agency: Mx-PuUPA
- Modifying agency: DLC
- Modifying agency: OCoLC
- Modifying agency: Mx-PuUPA
- Description conventions: rda
100 1# - HEADING--PERSONAL NAME
- Personal name: Sánchez Puentes, Ricardo,
374 ## - OCCUPATION
- Occupation: Autor
375 ## - GENDER
- Gender: hombre
377 ## - ASSOCIATED LANGUAGE
- Language code: spa
400 1# - SEE FROM TRACING--PERSONAL NAME
- Personal name: Puentes, Ricardo Sánchez
400 1# - SEE FROM TRACING--PERSONAL NAME
- Personal name: Sánchez, Ricardo
- Fuller form of name: (Sánchez Puentes)
670 ## - SOURCE DATA FOUND
- Source citation: El posgrado en ciencias sociales y humanidades en la UNAM, 1995:
- Information found: t.p. (Ricardo Sánchez Puentes)
670 ## - SOURCE DATA FOUND
- Source citation: La ciudad y el campo en la historia de México, 1992:
- Information found: v. 1, introd. (signed: Ricardo Sánchez)